000 00286nam a22001337a 4500
008 180209b xxu||||| |||| 00| 0 eng d
020 _a370249003
041 _aeng
080 _aR 030 LAC
100 _a0
101 _aLIB
245 _aLibraries at Large
_cLacy, D
942 _2udc
_cBK
999 _c42249
_d42249